A carregar...
And then there were none/
| Autor principal: | |
|---|---|
| Formato: | Printed Book |
| Idioma: | English |
| Publicado em: |
New York,
Samuel French,
c1944
|
| LEADER | 00530 a2200157 4500 | ||
|---|---|---|---|
| 008 | 150103s9999 000 0 eng | ||
| 020 | |a 0573014418 | ||
| 082 | |a 822.912 CHR/AN | ||
| 100 | |a Christie,Agatha,1890-1976 | ||
| 245 | |a And then there were none/ | ||
| 260 | |a New York, |b Samuel French, |c c1944 | ||
| 300 | |a 82 p.: | ||
| 500 | |a English drama | ||
| 942 | |c BK | ||
| 999 | |c 302208 |d 302208 | ||
| 952 | |0 0 |1 0 |2 ddc |4 0 |6 822_912000000000000_CHR_AN |7 0 |9 345632 |a DRA |b DRA |c ST1 |d 2010-10-04 |i 5551 |l 0 |o 822.912 CHR/AN |p DRA5551 |r 2019-01-03 |w 2019-01-03 |y BK | ||